000 00554nam a2200205Ia 4500
005 20250923144347.0
008 008 250917s9999 xx 000 0 eng d
037 _aReports
040 _aDSWL
_beng
_cDSWL
041 _aeng
_2eng
084 _aXM25t2:N44, J0
_qDSWL
100 _aCooperative, Planning Comm
_9824089
245 0 _aReport 1945
_cby Planning Comm Cooperative
260 _c1950
300 _a249 p.
365 _aINR
_b1.8
925 _g1.8
942 _cREP
_hXM25t2:N44, J0
999 _c1437894
_d1437894